Statistics for Countries that was once in Iberia Region

Click here to take the quiz!

General Stats

  • This quiz has been taken 12 times
  • The average score is 12 of 23

Answer Stats

YearsCountry% Correct
1704-presentBritish Empire
100%
1139-1580, 1640-presentKingdom of Portugal
100%
785-987, 1284-1425, 1475-1512, 1642-1659, 1807-1814Kingdom of France
100%
217 B.C.-213 B.C., 210 B.C.-260, 268-472Roman Empire
91%
1469-presentKingdom of Spain
91%
1086-1145, 1147-1237Kingdom of Morocco
82%
1034-1469, 1705-1713Kingdom of Aragon
73%
1640-1642Catalonia
64%
1036-1072, 1157-1469Kingdom of Castile
64%
400 B.C.- 206 B.C.Carthage
55%
851-1076, 1123-1284, 1425-1475Kingdom of Navarre
55%
910-929, 982-1036, 1065-1071Kingdom of Galicia
55%
925-1008, 1034-1036, 1065-1230Kingdom of León
55%
400 B.C.- 219 B.C.Greek City States
45%
711-756Umayyad Caliphate
36%
718-913Kingdom of Asturias
36%
756-1030Emirate of Córdoba
27%
455-458, 472-716Visigothic Kingdom
18%
897-1162County of Barcelona
9%
400-429Vandals
9%
450-468Cantabri
9%
400-585Suebi Kingdom
9%
400-425Alan Kingdom
0%

Score Distribution

Percentile by Number Answered

Percent of People with Each Score

Your Score History

You have not taken this quiz